000 00584nam a22001817a 4500
005 20251108165807.0
008 250721s1970 xx 000 0 ara d
082 1 4 _aم/351.087/أرد
245 1 0 _aمجموعة القوانين و الأنظمة الخاصة بوزارة الصحة /
264 1 _aعمان :
_bمطبعة شاهين،
_c1970.
300 _a139ص
650 1 7 _aالأردن
650 1 7 _aالدوائر الحكومية
650 1 7 _aالقوانين و اللوائح
710 2 _aالأردن . وزارة الصحة
942 _2ddc
_cREF
999 _c31475
_d31475